From genes to genomes: concepts and applications of DNA technology /

Uloženo v:
Podrobná bibliografie
Hlavní autor: Dale, Jeremy, (Jeremy W.) (Autor)
Další autoři: Schantz, Malcolm von
Médium: Kniha
Jazyk:angličtina
Vydáno: Chichester, West Sussex, England ; New York, USA: Wiley, 2002.
Témata:
Tagy: Přidat tag
Žádné tagy, Buďte první, kdo vytvoří štítek k tomuto záznamu!

MARC

LEADER 00000cam a22000004a 4500
001 12992281
003 CL-VaPUC
005 20241023145544.0
008 021105s2002 enka b 001 0 eng
999 |c 435434  |d 435432 
010 |a  2002726713 
020 |a 0471497827 (hdbk.) 
020 |a 0471497835 (pbk.) 
040 |a DLC  |c Pontificia Universidad Católica de Valparaíso  |d DLC 
042 |a pcc 
082 7 |a 572.86 DAL 2002  |2 21 
100 1 |a Dale, Jeremy,  |q (Jeremy W.)  |e author  |9 868582 
245 1 0 |a From genes to genomes:  |b concepts and applications of DNA technology / 
260 |a Chichester, West Sussex, England ;  |a New York, USA:  |b Wiley,  |c 2002. 
300 |a xii, 360 p. :  |b ill. ; 
504 |a Includes bibliographical references (p. 339) and index. 
583 |c 20220419  |k Cristina María Rojas Aguilar 
650 0 |a Ingeniería genética  |9 263020 
650 0 |a DNA.  |9 401610 
650 0 |a Genes  |9 330314 
650 0 |a Genomas  |9 389482 
700 1 |a Schantz, Malcolm von.  |9 868583 
942 |2 ddc  |c BK  |n 0 
952 |0 0  |1 0  |2 ddc  |4 0  |6 572_860000000000000_DAL_2002  |7 0  |8 A  |9 582658  |a BIBCUR  |b BIBCUR  |c GEN  |d 2022-04-19  |i 4303504  |o 572.86 DAL 2002  |p 4303504  |r 2025-04-22  |w 2022-04-19  |y BK  |k BIO